Artists with most 1B+ songs on Spotify - Statistics

General Stats
  • This quiz has been taken 233 times
    32 since last reset
  • The average score is 26 of 40
Answer Stats
# of songs Hint Artist % Correct
27- Eras tour Taylor Swift
100%
22- most popular Hispanic singer right now Bad Bunny
93%
6- Liam, Harry, Zayn, Louis, Niall One Direction
93%
10- married Kim Kardashian Kanye West
89%
14- pregnant at Super Bowl Rihanna
89%
17- Toronto native Drake
86%
9- rap beef with Drake Kendrick Lamar
86%
8- Freddie Mercury group Queen
86%
18- starred in show Sam & Cat Ariana Grande
82%
13- red hair male Ed Sheeran
82%
10- Canadian white boy Justin Bieber
82%
10- British woman with albums titled in numbers Adele
79%
12- rapper from Detroit Eminem
79%
12- Adam Levine group Maroon 5
79%
7- dated Camila Cabello Shawn Mendes
79%
24- synth pop / rap / r&b artist with afro The Weeknd
79%
6- talented DJ that died unexpectedly Avicii
71%
17- sister of Finneas Billie Eilish
71%
8- "Summertime Sadness" singer Lana Del Rey
71%
13- has all-time record for most monthly listeners on Spotify Bruno Mars
61%
10- alternative rock / pop group sang "Thunder" Imagine Dragons
61%
9- female pop artist judge on American Idol Katy Perry
61%
10- female pop artist known for eccentric outfits Lady Gaga
61%
11- alternative pop band performed at Super Bowl Coldplay
57%
14- pop star who turned country Post Malone
57%
8- "Say So" went viral with dances on TikTok Doja Cat
54%
7- British male singer discovered on The X-Factor Harry Styles
54%
9- massive debut album was Sour Olivia Rodrigo
54%
10- rapper; biggest album is titled ? XXXTENTACION
54%
6- Antarctic Capuchins Arctic Monkeys
50%
11- DJ who dated Taylor Swift Calvin Harris
50%
6- "Say You Won't Let Go" singer James Arthur
50%
7- vary talented rapper who died suddenly end of 2019 Juice WRLD
50%
6- SOS Album SZA
46%
6- Chester Bennington band Linkin Park
43%
10- English female artist with disco-vibed music Dua Lipa
39%
6- first non-binary artist to win a Grammy Sam Smith
36%
7- Flea band Red Hot Chili Peppers
32%
6- Channel Orange Frank Ocean
29%
6- female Latin signer whose most played song is "Tusa" KAROL G
25%
No matching quizzes found
Score Distribution
Percent of People with Each Score
Percentile by Number Answered
Your Score History
You have not taken this quiz since the last reset